Statistiques concernant Taciturne - Dinos

Cliquez ici pour prendre le quiz!

Statistiques générales

  • Ce quiz a été pris 29 fois
  • Le résultat moyen est 7 sur 15

Statistiques - réponses

Titres% Correct
14Taciturne
88%
6 (ft. Marie Plassard)No Love
83%
2XNXX
71%
4N'Tiekar
58%
13 (ft. Manu Dibango)Les garçons ne pleurent pas
50%
1On meurt bientôt
50%
8Franck Ocean
46%
3OMRI
46%
5Oskur
42%
11Arob@se
38%
7Wouuh
38%
15Au revoir
29%
12Quand les cailleras prient
29%
10Mack le Bizz
25%
9Adeola interlude
21%

Distribution des résultats

Percentile par nombre de réponses

% des personnes avec chaque résultat

Votre développement - résultats

Vous n’avez pas pris ce quiz